[Event "20th Reykjavik op"]
[Site "Reykjavik ISL"]
[Date "2002.03.13"]
[Round "7"]
[White "Ingason, Sigurdur"]
[Black "Gudmundsson, Kjartan"]
[Result "0-1"]
[WhiteElo "2059"]
[BlackElo "2034"]
[EventDate "2002.03.07"]
[PlyCount "40"]

1.c4 f5 2.g3 Nf6 3.Bg2 e6 4.Nf3 d5 5.O-O Bd6 6.Nc3 O-O 7.d3 c6 8.cxd5 exd5
9.e4 d4 10.Nxd4 Bxg3 11.Nxf5 Bc7 12.Ng3 Ng4 13.Be3 Qh4 14.h3 Nf6 15.Kh2 
Bxh3 16.Bxh3 g5 17.Qb3+ Kh8 18.Bxg5 Ng4+ 19.Kg2 Rxf2+ 20.Rxf2 Qxg3+ 0-1

[Event "20th Reykjavik op"]
[Site "Reykjavik ISL"]
[Date "2002.03.13"]
[Round "7"]
[White "Ingolfsdottir, Harpa"]
[Black "Bjarnason, Saevar"]
[Result "0-1"]
[WhiteElo "2053"]
[BlackElo "2256"]
[EventDate "2002.03.07"]
[PlyCount "82"]

1.e4 c5 2.Nf3 Nc6 3.d4 cxd4 4.Nxd4 g6 5.Nc3 Bg7 6.Be3 Nf6 7.Be2 d6 8.Nxc6 
bxc6 9.e5 dxe5 10.Qxd8+ Kxd8 11.O-O-O+ Kc7 12.f4 Ng4 13.Bc5 exf4 14.Bc4 
Ne5 15.Bb3 Bg4 16.Rde1 Rhe8 17.h3 Bf5 18.Rhf1 h5 19.Kb1 f3 20.gxf3 Bxh3 
21.Rf2 Bf5 22.Rfe2 Nxf3 23.Rxe7+ Bd7 24.Bxf7 Nxe1 25.Bxe8 Rxe8 26.Rxg7 Nf3
27.a4 g5 28.Bxa7 g4 29.a5 Kd6 30.Na4 Bf5 31.Bc5+ Ke5 32.a6 Kf6 33.Rc7 h4 
34.a7 h3 35.Nb6 h2 36.Rxc6+ Be6 37.Nd5+ Ke5 38.Bd6+ Kxd5 39.Bb8 h1=Q+ 40.
Ka2 Kxc6+ 41.b3 Kb7 0-1

[Event "20th Reykjavik op"]
[Site "Reykjavik ISL"]
[Date "2002.03.13"]
[Round "7"]
[White "Ivanov, Mikhail M."]
[Black "Brodsky, Mikhail"]
[Result "1/2-1/2"]
[WhiteElo "2446"]
[BlackElo "2542"]
[EventDate "2002.03.07"]
[PlyCount "67"]

1.d4 Nf6 2.c4 e6 3.Nc3 Bb4 4.g3 O-O 5.Bg2 d5 6.Nf3 dxc4 7.a3 Be7 8.Ne5 Nc6
9.Bxc6 bxc6 10.Nxc6 Qe8 11.Nxe7+ Qxe7 12.Qa4 c5 13.Qxc4 cxd4 14.Qxd4 e5 
15.Qh4 Qe6 16.O-O Rb8 17.Rb1 h6 18.Be3 a6 19.Bc5 Re8 20.b4 Bb7 21.Rfd1 Qf5
22.Rbc1 Re6 23.Rd2 Rc8 24.Rcd1 Kh7 25.Re1 g5 26.Qc4 Qh3 27.f3 e4 28.Rf1 
Kg8 29.Nd1 exf3 30.exf3 Rce8 31.Nf2 Qh5 32.Ng4 Bxf3 33.Nxf6+ Rxf6 34.Qc3 
1/2-1/2

[Event "20th Reykjavik op"]
[Site "Reykjavik ISL"]
[Date "2002.03.13"]
[Round "7"]
[White "Kjartansson, Gudmundur"]
[Black "Johansson, Viktoria"]
[Result "1-0"]
[WhiteElo "2060"]
[BlackElo "2199"]
[EventDate "2002.03.07"]
[PlyCount "81"]

1.e4 c6 2.d4 d5 3.Nd2 dxe4 4.Nxe4 Bf5 5.Ng3 Bg6 6.h4 h6 7.Nf3 Nd7 8.h5 Bh7
9.Bd3 Bxd3 10.Qxd3 Qc7 11.Bd2 Ngf6 12.Ne4 e6 13.O-O-O O-O-O 14.g3 Nxe4 15.
Qxe4 Nf6 16.Qe2 Bd6 17.c4 c5 18.Bc3 Rhe8 19.Ne5 Re7 20.f4 cxd4 21.Bxd4 Qa5
22.Kb1 Rc7 23.g4 Ne8 24.Bc3 Qa6 25.b3 Bxe5 26.Rxd8+ Kxd8 27.Qxe5 f6 28.
Rd1+ Ke7 29.Bb4+ Kf7 30.Qe4 Qc6 31.Qh7 Rc8 32.g5 hxg5 33.fxg5 f5 34.Qg6+ 
Kg8 35.Re1 Nc7 36.h6 Qd7 37.Bc3 Ne8 38.hxg7 Rc6 39.Rh1 Qd3+ 40.Kb2 Qe2+ 
41.Ka1 1-0

[Event "20th Reykjavik op"]
[Site "Reykjavik ISL"]
[Date "2002.03.13"]
[Round "7"]
[White "Lobron, Eric"]
[Black "Shahade, Jennifer"]
[Result "1-0"]
[WhiteElo "2517"]
[BlackElo "2302"]
[EventDate "2002.03.07"]
[PlyCount "62"]

1.Nf3 c5 2.c4 Nc6 3.Nc3 g6 4.e3 Nf6 5.d4 cxd4 6.exd4 d5 7.cxd5 Nxd5 8.Qb3 
Nxc3 9.Bc4 Nd5 10.Bxd5 e6 11.Bxc6+ bxc6 12.O-O Bg7 13.Bg5 Qd6 14.Qe3 O-O 
15.Rac1 Re8 16.Rc5 Qf8 17.Rfc1 Rb8 18.Qe2 e5 19.dxe5 Bg4 20.b3 f6 21.Be3 
fxe5 22.h3 Bd7 23.Ng5 Kh8 24.Ra5 e4 25.Rxa7 Rbd8 26.Qc4 Re7 27.Bc5 e3 28.
Bxe7 Qxf2+ 29.Kh1 e2 30.Nf7+ Kg8 31.Nxd8+ Kh8 1-0

[Event "20th Reykjavik op"]
[Site "Reykjavik ISL"]
[Date "2002.03.13"]
[Round "7"]
[White "Miezis, Normunds"]
[Black "Bjornsson, Tomas"]
[Result "1/2-1/2"]
[WhiteElo "2498"]
[BlackElo "2248"]
[EventDate "2002.03.07"]
[PlyCount "80"]

1.c4 d6 2.Nc3 e5 3.g3 Nc6 4.Bg2 g6 5.d3 Bg7 6.e4 Nge7 7.Nge2 O-O 8.O-O f5 
9.Nd5 h6 10.Rb1 a5 11.a3 g5 12.exf5 Nxf5 13.h3 Ncd4 14.Nec3 c6 15.Ne3 Be6 
16.Kh2 Qd7 17.Bd2 Rf7 18.Ne4 Raf8 19.Ng4 b6 20.b4 d5 21.cxd5 cxd5 22.Nxg5 
hxg5 23.Bxg5 Ne7 24.Nh6+ Bxh6 25.Bxh6 Rh7 26.Qd2 Rf6 27.Qg5+ Rg6 28.Qxe5 
Rhxh6 29.Qxd4 Bxh3 30.Rh1 Bxg2+ 31.Kxg2 Nf5 32.Qf4 d4 33.bxa5 Qd5+ 34.Qe4 
Ne3+ 35.fxe3 Qa2+ 36.Kf3 Rf6+ 37.Kg4 Rfg6+ 38.Kf3 Rf6+ 39.Kg4 Rfg6+ 40.Kf3
Rf6+ 1/2-1/2

[Event "20th Reykjavik op"]
[Site "Reykjavik ISL"]
[Date "2002.03.13"]
[Round "7"]
[White "Neverov, Valeriy"]
[Black "Stefanova, Antoaneta"]
[Result "1-0"]
[WhiteElo "2578"]
[BlackElo "2451"]
[EventDate "2002.03.07"]
[PlyCount "117"]

1.c4 e6 2.d4 Nf6 3.Nf3 b6 4.a3 Bb7 5.Nc3 d5 6.Bg5 Be7 7.Qa4+ Qd7 8.Qc2 
dxc4 9.e4 b5 10.Rd1 a6 11.Be2 h6 12.Bh4 Qd8 13.O-O O-O 14.Ne5 c5 15.d5 
exd5 16.exd5 Nfd7 17.Bxe7 Qxe7 18.Ng4 f5 19.Ne3 f4 20.Nf5 Qg5 21.Nd6 Ne5 
22.f3 Ra7 23.a4 Qd8 24.Nce4 Qb6 25.g3 Ned7 26.Kh1 Nf6 27.gxf4 Nbd7 28.Nf5 
Nxd5 29.Rxd5 Bxd5 30.Ne7+ Kh8 31.Nxd5 Qe6 32.Rd1 Rf5 33.Ndc3 b4 34.Rd6 Qf7
35.Nd5 c3 36.Bc4 Qh5 37.Kg2 Rf8 38.bxc3 Ne5 39.Qe2 Nxc4 40.Qxc4 bxc3 41.
Qxc3 Rb7 42.Ng3 Qh4 43.Re6 Rd7 44.Qe5 Qd8 45.Rxh6+ Kg8 46.Qe6+ Rff7 47.Rh5
Rd6 48.Qh3 Rh6 49.Rxh6 gxh6 50.Qe6 Qf8 51.f5 c4 52.f6 Kh7 53.Qe4+ Kh8 54.
Qxc4 Qb8 55.Qe4 a5 56.Qg6 Rb7 57.Ne7 Rb2+ 58.Kh3 Qf8 59.Ngf5 1-0

[Event "20th Reykjavik op"]
[Site "Reykjavik ISL"]
[Date "2002.03.13"]
[Round "7"]
[White "Petursson, Gudni"]
[Black "Jiretorn, Eva"]
[Result "1/2-1/2"]
[WhiteElo "2112"]
[BlackElo "2112"]
[EventDate "2002.03.07"]
[PlyCount "83"]

1.d4 Nf6 2.c4 g6 3.Nc3 Bg7 4.e4 d6 5.f4 O-O 6.Nf3 c5 7.d5 e6 8.Be2 exd5 9.
cxd5 b5 10.e5 Nfd7 11.exd6 a6 12.O-O Nb6 13.Ne5 Qxd6 14.Ne4 Qxd5 15.Qxd5 
Nxd5 16.Bf3 Ra7 17.Nxc5 Nb4 18.Bd2 Nc2 19.Rac1 Nd4 20.Bc3 Nxf3+ 21.Nxf3 
Nd7 22.Bxg7 Kxg7 23.Rfd1 Nxc5 24.Rxc5 Be6 25.b3 Rc8 26.Rxc8 Bxc8 27.Rc1 
Bf5 28.Kf2 b4 29.Nd4 Be4 30.Rc4 a5 31.Ne6+ fxe6 32.Rxe4 Rc7 33.Rxe6 Kf7 
34.Re5 Rc2+ 35.Re2 Rc3 36.Ke1 Kf6 37.Kd2 h5 38.Re3 Rc5 39.Rg3 Rd5+ 40.Rd3 
Rc5 41.Rg3 Rd5+ 42.Rd3 1/2-1/2

[Event "20th Reykjavik op"]
[Site "Reykjavik ISL"]
[Date "2002.03.13"]
[Round "7"]
[White "Ptacnikova, Lenka"]
[Black "Asmundsson, Ingvar"]
[Result "1-0"]
[WhiteElo "2239"]
[BlackElo "2347"]
[EventDate "2002.03.07"]
[PlyCount "95"]

1.c4 e5 2.g3 Nc6 3.Bg2 d6 4.Nc3 Be6 5.Nd5 g6 6.d3 Bg7 7.e4 Qd7 8.Ne2 Nd8 
9.d4 c6 10.Ne3 Bh3 11.Bxh3 Qxh3 12.d5 c5 13.Qa4+ Qd7 14.Qc2 Ne7 15.O-O O-O
16.Bd2 f5 17.f3 Nf7 18.Kg2 h5 19.exf5 Nxf5 20.Nxf5 Qxf5 21.Rac1 Kh7 22.Nc3
Bh6 23.Ne4 Bxd2 24.Qxd2 Kg7 25.h4 b6 26.Rce1 Rae8 27.b3 Qd7 28.Qc3 Nd8 29.
Ng5 Kg8 30.Re3 Qf5 31.Ne4 Qd7 32.Rfe1 Qe7 33.f4 Nf7 34.fxe5 dxe5 35.Rf3 
Nd6 36.Nxd6 Qxd6 37.Ref1 e4 38.Rf6 Rxf6 39.Rxf6 Qe5 40.Rxg6+ Kf7 41.Qxe5 
Rxe5 42.Rg5 Kf6 43.Rxe5 Kxe5 44.Kf2 a5 45.Ke3 a4 46.bxa4 Kf5 47.d6 Ke6 48.
Kxe4 1-0

[Event "20th Reykjavik op"]
[Site "Reykjavik ISL"]
[Date "2002.03.13"]
[Round "7"]
[White "Ragnarsson, Johann"]
[Black "Arngrimsson, Dagur"]
[Result "1/2-1/2"]
[WhiteElo "2118"]
[BlackElo "2094"]
[EventDate "2002.03.07"]
[PlyCount "106"]

1.d4 d5 2.c4 e6 3.Nc3 Nf6 4.cxd5 exd5 5.Bg5 Nbd7 6.e3 Be7 7.Qc2 c6 8.Bd3 
O-O 9.Nf3 Re8 10.O-O Nf8 11.h3 Ng6 12.Bxf6 Bxf6 13.b4 Qd6 14.b5 c5 15.dxc5
Qxc5 16.Ne4 Qb6 17.Nxf6+ Qxf6 18.Bxg6 hxg6 19.Nd4 Qg5 20.Kh1 Qh4 21.Qc7 
Rd8 22.Rad1 Bg4 23.Rc1 Bd7 24.Kg1 Qg5 25.Kh2 Rab8 26.a4 Qe7 27.Qc5 Qe5+ 
28.Kg1 a6 29.Qc7 Qf6 30.Rfd1 Kh7 31.Kf1 Kg8 32.Rc2 axb5 33.axb5 Rbc8 34.
Qxb7 Rb8 35.Qa6 Bxb5+ 36.Qxb5 Rxb5 37.Nxb5 Qa6 38.Rb2 d4 39.Kg1 d3 40.Nd4 
Rc8 41.Rbd2 Rc3 42.Nf3 Qc4 43.Ne5 Qc7 44.Nxd3 Rc2 45.Ne1 Rxd2 46.Rxd2 Qc1 
47.Rd8+ Kh7 48.Kf1 g5 49.Rd4 Kg6 50.Ke2 Qb2+ 51.Kf1 f5 52.Nf3 Qb1+ 53.Ke2 
Qb5+ 1/2-1/2

[Event "20th Reykjavik op"]
[Site "Reykjavik ISL"]
[Date "2002.03.13"]
[Round "7"]
[White "Rowson, Jonathan"]
[Black "Kristjansson, Stefan"]
[Result "1/2-1/2"]
[WhiteElo "2512"]
[BlackElo "2389"]
[EventDate "2002.03.07"]
[PlyCount "45"]

1.e4 e6 2.d4 d5 3.Nc3 Bb4 4.e5 Ne7 5.a3 Bxc3+ 6.bxc3 c5 7.Qg4 Kf8 8.Bd2 
Qc7 9.Bd3 c4 10.Bf1 Bd7 11.a4 Qa5 12.Nh3 b5 13.Qf3 Nbc6 14.Ng5 Nd8 15.Rb1 
h6 16.Nh3 Qxa4 17.Qd1 Qa5 18.Be2 Ndc6 19.O-O Qb6 20.f4 a5 21.Kh1 b4 22.g4 
Kg8 23.f5 1/2-1/2

[Event "20th Reykjavik op"]
[Site "Reykjavik ISL"]
[Date "2002.03.13"]
[Round "7"]
[White "Schmied, Andreas"]
[Black "Gunnarsson, Jon Viktor"]
[Result "0-1"]
[WhiteElo "2142"]
[BlackElo "2402"]
[EventDate "2002.03.07"]
[PlyCount "92"]

1.c4 Nf6 2.g3 c6 3.Nf3 d5 4.cxd5 cxd5 5.d4 Nc6 6.Ne5 Qb6 7.Nxc6 Qxc6 8.Nc3
Bd7 9.Bg2 e6 10.O-O Be7 11.Bf4 O-O 12.Rc1 Qa6 13.a3 Bc6 14.Qc2 Rfc8 15.Qd2
b5 16.Na2 Qb6 17.Nb4 Bb7 18.Nc2 a5 19.Na1 Ne4 20.Bxe4 dxe4 21.Rxc8+ Rxc8 
22.Be3 Bd5 23.Rc1 Rxc1+ 24.Qxc1 f5 25.Qc2 b4 26.axb4 Qxb4 27.Qd2 Qb5 28.
Kf1 h6 29.h4 Qa4 30.Nc2 Bb3 31.Ne1 Kh7 32.Ng2 Bc4 33.Nf4 Bb4 34.Qc1 Qb5 
35.Qc2 Bd6 36.Qd2 Qb3 37.Nh3 Bb4 38.Qc1 Bxe2+ 39.Kg1 Bc4 40.Kh2 Bd6 41.Qd2
a4 42.Bf4 Bb4 43.Qc1 Qd3 44.Be3 Bd6 45.Nf4 Bxf4 46.gxf4 Qe2 0-1

[Event "20th Reykjavik op"]
[Site "Reykjavik ISL"]
[Date "2002.03.13"]
[Round "7"]
[White "Sigfusson, Sigurdur"]
[Black "Schubert, Hans-Joachim"]
[Result "1-0"]
[WhiteElo "2351"]
[BlackElo "2005"]
[EventDate "2002.03.07"]
[PlyCount "61"]

1.e4 e5 2.Nf3 Nc6 3.Nc3 Nf6 4.Nxe5 Nxe5 5.d4 Ng6 6.e5 Bb4 7.exf6 Qxf6 8.
Be3 d5 9.Qd3 c6 10.O-O-O O-O 11.Kb1 Bg4 12.f3 Bf5 13.Qd2 Rfe8 14.Bg5 Qd6 
15.g4 Bd7 16.h4 Bxc3 17.Qxc3 a5 18.h5 Nf8 19.h6 Ne6 20.Be3 g5 21.Qd2 f6 
22.Bd3 Re7 23.Bf5 Nf8 24.f4 Rae8 25.Rh3 Bxf5 26.gxf5 Qd7 27.fxg5 Qxf5 28.
Rg3 Kh8 29.gxf6 Qxf6 30.Bg5 Qd6 31.Qg2 1-0

[Event "20th Reykjavik op"]
[Site "Reykjavik ISL"]
[Date "2002.03.13"]
[Round "7"]
[White "Thompson, Ian"]
[Black "Paasikangas, Johanna"]
[Result "1-0"]
[WhiteElo "2209"]
[BlackElo "2300"]
[EventDate "2002.03.07"]
[PlyCount "77"]

1.c4 e5 2.g3 Nf6 3.Bg2 Nc6 4.Nf3 d5 5.cxd5 Nxd5 6.O-O Be7 7.d4 exd4 8.Nxd4
Nxd4 9.Qxd4 Nf6 10.Qa4+ c6 11.Rd1 Bd7 12.Nc3 O-O 13.Bg5 Qc8 14.Ne4 Nd5 15.
Bxe7 Nxe7 16.Nc5 Bf5 17.e4 Bg4 18.f3 Be6 19.Rd4 b5 20.Qa5 Bh3 21.Rad1 Ng6 
22.Bxh3 Qxh3 23.Nd7 Rfe8 24.Rd6 h5 25.Qd2 h4 26.Qg2 Qxg2+ 27.Kxg2 Rac8 28.
b4 hxg3 29.hxg3 f6 30.R1d4 Ne7 31.Nc5 Kf7 32.Rd7 a6 33.Nb7 Kf8 34.Nd6 c5 
35.bxc5 Rxc5 36.Nxe8 Kxe8 37.Rd2 b4 38.Ra7 a5 39.f4 1-0

[Event "20th Reykjavik op"]
[Site "Reykjavik ISL"]
[Date "2002.03.13"]
[Round "7"]
[White "Thorhallsson, Throestur"]
[Black "Berkes, Ferenc"]
[Result "0-1"]
[WhiteElo "2434"]
[BlackElo "2522"]
[EventDate "2002.03.07"]
[PlyCount "53"]

1.e4 c5 2.Nc3 e6 3.f4 Nc6 4.Nf3 d5 5.d3 g6 6.g3 Bg7 7.Bg2 Nge7 8.O-O O-O 
9.e5 b6 10.g4 f6 11.exf6 Bxf6 12.Bd2 Bd7 13.Qe2 Rc8 14.Rae1 Nd4 15.Qd1 
Nec6 16.Nxd4 Nxd4 17.Nb1 Kh8 18.c3 Nc6 19.Na3 Bg7 20.g5 e5 21.Bxd5 exf4 
22.h4 Bh3 23.Bg2 Bxg2 24.Kxg2 Ne5 25.Re4 f3+ 26.Kg3 Qxd3 27.Qb1 0-1

[Event "20th Reykjavik op"]
[Site "Reykjavik ISL"]
[Date "2002.03.13"]
[Round "7"]
[White "Thorsteinsson, Erlingur"]
[Black "Einarsson, Einar Kristinn"]
[Result "1/2-1/2"]
[WhiteElo "2142"]
[BlackElo "2107"]
[EventDate "2002.03.07"]
[PlyCount "104"]

1.Nf3 Nf6 2.b3 e6 3.Bb2 b6 4.c4 c5 5.e3 Bb7 6.d4 d6 7.Bd3 Nbd7 8.Nbd2 Be7 
9.O-O O-O 10.Rc1 Rc8 11.Qe2 Qc7 12.Bb1 Rfd8 13.Rfd1 Qb8 14.e4 cxd4 15.Nxd4
a6 16.a4 Bf8 17.Re1 Nc5 18.Bc2 d5 19.cxd5 exd5 20.e5 Nfe4 21.Nf1 Re8 22.
Qg4 Qxe5 23.Nf5 Qe6 24.Bxg7 Qg6 25.Bxf8 Qxg4 26.Nh6+ Kxf8 27.Nxg4 Nc3 28.
Ng3 d4 29.Rxe8+ Rxe8 30.f3 h5 31.Nf6 h4 32.Nxe8 hxg3 33.Re1 d3 34.Bxd3 
Nxd3 35.Re3 Nd5 36.Rxd3 gxh2+ 37.Kxh2 Kxe8 38.g4 Ke7 39.Kg3 Nc7 40.Re3+ 
Ne6 41.f4 Kf6 42.b4 Nd4 43.Re8 b5 44.axb5 axb5 45.Re1 Bd5 46.Kf2 Bc4 47.
Rd1 Ne2 48.Kf3 Nc3 49.Rd2 Nd5 50.Rb2 Kg6 51.Ke4 f5+ 52.gxf5+ Kf6 1/2-1/2

[Event "20th Reykjavik op"]
[Site "Reykjavik ISL"]
[Date "2002.03.13"]
[Round "7"]
[White "Thorsteinsson, Thorsteinn"]
[Black "Halldorsson, Bragi"]
[Result "0-1"]
[WhiteElo "2332"]
[BlackElo "2236"]
[EventDate "2002.03.07"]
[PlyCount "74"]

1.e4 c6 2.d4 d5 3.Nc3 dxe4 4.Nxe4 Bf5 5.Ng3 Bg6 6.h4 h6 7.Nf3 Nd7 8.h5 Bh7
9.Bd3 Bxd3 10.Qxd3 Ngf6 11.Bf4 e6 12.O-O-O Be7 13.Ne5 a5 14.Rhe1 O-O 15.
Kb1 a4 16.Bc1 a3 17.b3 c5 18.Nxd7 Qxd7 19.d5 exd5 20.Nf5 Rfe8 21.Bxh6 Bf8 
22.Bg5 Rxe1 23.Rxe1 Ne4 24.Qh3 Qe6 25.Bc1 Re8 26.Rg1 Qe5 27.c3 Nxc3+ 28.
Kc2 Qe2+ 29.Bd2 Nxa2 30.h6 Nb4+ 31.Kc1 a2 32.Qc3 d4 33.Qa1 Qe4 34.Bxb4 
Qxf5 35.hxg7 Bxg7 36.Bd2 Qxf2 37.Rd1 Ra8 0-1

[Event "20th Reykjavik op"]
[Site "Reykjavik ISL"]
[Date "2002.03.14"]
[Round "8"]
[White "Arnarsson, Hrannar"]
[Black "Sigfusson, Sigurdur"]
[Result "0-1"]
[WhiteElo "2035"]
[BlackElo "2351"]
[EventDate "2002.03.07"]
[PlyCount "66"]

1.e4 e6 2.c4 d5 3.cxd5 exd5 4.exd5 Qxd5 5.Nc3 Qd8 6.d4 Nf6 7.Bc4 Nc6 8.Nf3
Bg4 9.O-O Be7 10.d5 Ne5 11.Be2 Bxf3 12.Bxf3 O-O 13.Re1 Bd6 14.Bg5 h6 15.
Bh4 g5 16.Bg3 Nfd7 17.Nb5 f5 18.Nxd6 cxd6 19.Bxe5 Nxe5 20.Qb3 Rf7 21.Bh5 
Rg7 22.Rxe5 dxe5 23.d6+ Kh7 24.Qe6 Qf8 25.Rc1 Rd8 26.Rd1 Rgd7 27.Bg6+ Kg7 
28.Bxf5 Rxd6 29.Rxd6 Qxd6 30.Qxd6 Rxd6 31.g4 Rd2 32.Be6 Rxb2 33.Kg2 Kf6 
0-1

[Event "20th Reykjavik op"]
[Site "Reykjavik ISL"]
[Date "2002.03.14"]
[Round "8"]
[White "Arngrimsson, Dagur"]
[Black "Edvardsson, Kristjan"]
[Result "0-1"]
[WhiteElo "2094"]
[BlackElo "2239"]
[EventDate "2002.03.07"]
[PlyCount "60"]

1.e4 c5 2.Nf3 e6 3.d4 cxd4 4.Nxd4 Nc6 5.Be2 Nf6 6.Bf3 Qc7 7.Be3 Be7 8.Nc3 
Ne5 9.h3 a6 10.O-O b5 11.Bf4 d6 12.Bh2 b4 13.Nb1 Bb7 14.Nd2 Qb6 15.Bxe5 
dxe5 16.N4b3 a5 17.Nc4 Qc7 18.Qe2 O-O 19.g3 Rfd8 20.Nbd2 Ba6 21.b3 Rd4 22.
Rfd1 Rad8 23.Qe3 Bc5 24.Qg5 h6 25.Qh4 Be7 26.Be2 Nxe4 27.Qxe4 Rxe4 28.Nxe4
f5 29.Ned2 e4 30.g4 e3 0-1

[Event "20th Reykjavik op"]
[Site "Reykjavik ISL"]
[Date "2002.03.14"]
[Round "8"]
[White "Asmundsson, Ingvar"]
[Black "Kjartansson, Gudmundur"]
[Result "1/2-1/2"]
[WhiteElo "2347"]
[BlackElo "2060"]
[EventDate "2002.03.07"]
[PlyCount "270"]

1.e4 e6 2.d4 d5 3.exd5 exd5 4.Nf3 Bd6 5.c4 dxc4 6.Bxc4 Nf6 7.O-O O-O 8.Re1
h6 9.Qb3 Nc6 10.Bd2 Bg4 11.Ne5 Bh5 12.Bc3 Nd7 13.Nd2 Nb6 14.Nxc6 bxc6 15.
Bd3 Nd5 16.g3 Bg4 17.Nc4 Qd7 18.Bf1 Rab8 19.Qc2 Nxc3 20.bxc3 Bf5 21.Bd3 
Bxd3 22.Qxd3 Rfe8 23.Kg2 c5 24.d5 g6 25.Rxe8+ Qxe8 26.a4 Bf8 27.Na5 Bg7 
28.Qc4 Rb2 29.Qd3 Qe2 30.Qxe2 Rxe2 31.Ra3 Rc2 32.Nc6 Bxc3 33.Nxa7 Bd4 34.
Rf3 Ra2 35.Nb5 Rxa4 36.Nxc7 Ra7 37.Nb5 Rd7 38.d6 Be5 39.Rd3 f6 40.Rd5 Kf7 
41.f4 Bd4 42.g4 g5 43.f5 Be5 44.h3 c4 45.Kf3 c3 46.Ke2 Rd8 47.Kd3 Ke8 48.
Nxc3 Rxd6 49.Rxd6 Bxd6 50.Kc4 Be5 51.Ne4 Ke7 52.Kd5 Bb2 53.Kc6 Be5 54.Nd2 
Bc3 55.Nc4 Bd4 56.Na5 Bc3 57.Nb7 Be5 58.Nc5 Bd4 59.Na6 Bc3 60.Nc7 Be5 61.
Nd5+ Ke8 62.Nc7+ Ke7 63.Ne6 Bc3 64.Nc5 Bd4 65.Nd3 Bc3 66.Kd5 Kd7 67.Kc4 
Ba1 68.Kc5 Bc3 69.Nc1 Bb2 70.Nb3 Bc3 71.Kd5 Bb2 72.Nd2 Bc3 73.Nf3 Bb2 74.
h4 Bc3 75.hxg5 hxg5 76.Ng1 Ba1 77.Ne2 Bb2 78.Ng3 Bc3 79.Ne4 Bb2 80.Nc5+ 
Ke7 81.Kc6 Bc3 82.Nd3 Bd4 83.Nb4 Be5 84.Nd5+ Ke8 85.Nc7+ Ke7 86.Ne6 Bb2 
87.Nc5 Bd4 88.Ne4 Be5 89.Kd5 Kd7 90.Nxg5 Bb2 91.Ne4 Ke7 92.Nc5 Bc3 93.Kc6 
Bb2 94.Nd3 Bd4 95.Nf4 Bb2 96.Nd5+ Ke8 97.Kd6 Kf7 98.Kd7 Be5 99.Nb6 Bb2 
100.Nc4 Ba1 101.Nd6+ Kg7 102.Ke7 Kh6 103.Nf7+ Kg7 104.Nd8 Be5 105.Ne6+ Kg8
106.Ke8 Bb2 107.Ke7 Be5 108.Nc5 Ba1 109.Ke6 Kg7 110.Ne4 Bb2 111.Ke7 Bd4 
112.Ke8 Kh6 113.Kf7 Bb2 114.Nxf6 Kg5 115.Nd7 Kxg4 116.Ke6 Kg5 117.Ne5 Kh6 
118.f6 Kh7 119.f7 Kg7 120.Nc4 Bc3 121.Ke7 Bb4+ 122.Ke8 Bc5 123.Ne5 Ba3 
124.Nc6 Kf6 125.Nd4 Bd6 126.Nb5 Bc5 127.Nc3 Ba3 128.Nd5+ Ke6 129.Nb6 Bb4 
130.Nc4 Bc5 131.Na5 Ba3 132.Nb7 Bb4 133.Nd8+ Kf6 134.Kd7 Bc5 135.Ke8 Bb4 
1/2-1/2

[Event "20th Reykjavik op"]
[Site "Reykjavik ISL"]
[Date "2002.03.14"]
[Round "8"]
[White "Bergsson, Snorri"]
[Black "Thorhallsson, Throestur"]
[Result "0-1"]
[WhiteElo "2275"]
[BlackElo "2434"]
[EventDate "2002.03.07"]
[PlyCount "50"]

1.d4 d5 2.c4 dxc4 3.Nf3 Nf6 4.e3 e6 5.Bxc4 a6 6.O-O b5 7.Bb3 c5 8.Nc3 Bb7 
9.Qe2 Nc6 10.Rd1 Na5 11.Bc2 cxd4 12.exd4 Be7 13.Ne5 O-O 14.a3 Rc8 15.Rd3 
Nc4 16.Rh3 Qxd4 17.Nf3 Qc5 18.Bg5 g6 19.Bh6 Rfd8 20.Nh4 Qe5 21.Qxe5 Nxe5 
22.Re1 Neg4 23.Bc1 Bc5 24.Rf1 Nxf2 25.Rxf2 Ng4 0-1

[Event "20th Reykjavik op"]
[Site "Reykjavik ISL"]
[Date "2002.03.14"]
[Round "8"]
[White "Berkes, Ferenc"]
[Black "Gretarsson, Helgi Ass"]
[Result "0-1"]
[WhiteElo "2522"]
[BlackElo "2520"]
[EventDate "2002.03.07"]
[PlyCount "84"]

1.e4 d6 2.d4 Nf6 3.Nc3 g6 4.g3 Bg7 5.Bg2 O-O 6.Nge2 e5 7.O-O c6 8.a4 a5 9.
h3 Na6 10.Be3 Be6 11.Qd2 Bc4 12.Rfd1 Re8 13.Bg5 Bxe2 14.Nxe2 exd4 15.Nxd4 
Qb6 16.Bxf6 Bxf6 17.c3 Nc5 18.Re1 Bxd4 19.Qxd4 Qxb2 20.Rad1 Rad8 21.h4 h5 
22.Bh3 Qb6 23.g4 hxg4 24.Bxg4 Nd7 25.f4 Qxd4+ 26.cxd4 Re7 27.Kf2 Nb6 28.f5
Kg7 29.h5 gxh5 30.Bf3 Kf6 31.Kg3 d5 32.e5+ Kxf5 33.Bxh5 Rg8+ 34.Kh4 Ke6 
35.Rf1 Kd7 36.Bxf7 Rg2 37.e6+ Kd6 38.Rg1 Rxg1 39.Rxg1 Nxa4 40.Kg5 Nc3 41.
Kf5 Nb5 42.Rg4 a4 0-1

[Event "20th Reykjavik op"]
[Site "Reykjavik ISL"]
[Date "2002.03.14"]
[Round "8"]
[White "Bjornsson, Tomas"]
[Black "Westerinen, Heikki"]
[Result "0-1"]
[WhiteElo "2248"]
[BlackElo "2412"]
[EventDate "2002.03.07"]
[PlyCount "66"]

1.e4 e6 2.d3 d5 3.Nd2 Nf6 4.Ngf3 b6 5.e5 Nfd7 6.g3 c5 7.Nb3 Nc6 8.d4 Qc7 
9.Bf4 Nxd4 10.Nbxd4 cxd4 11.Nxd4 Bb4+ 12.Bd2 Qxe5+ 13.Be2 Qxd4 14.c3 Qe4 
15.f3 Qe5 16.cxb4 Ba6 17.Kf2 Bxe2 18.Qxe2 Qxb2 19.a4 O-O 20.Rhb1 Qf6 21.a5
Ne5 22.Kg2 Nc4 23.Be1 b5 24.a6 d4 25.Bf2 Rfd8 26.Qe4 Nd2 27.Qd3 Nxb1 28.
Rxb1 Qg6 29.Qb3 e5 30.Rc1 Qxa6 31.Rc7 Qe6 32.Qd3 a6 33.Be1 h6 0-1

[Event "20th Reykjavik op"]
[Site "Reykjavik ISL"]
[Date "2002.03.14"]
[Round "8"]
[White "Boricsev, Oleg"]
[Black "Gunnarsson, Arnar"]
[Result "1-0"]
[WhiteElo "2333"]
[BlackElo "2322"]
[EventDate "2002.03.07"]
[PlyCount "115"]

1.e4 e5 2.Nf3 Nc6 3.Bc4 Be7 4.d4 exd4 5.Nxd4 Ne5 6.Bb3 Nf6 7.f4 Ng6 8.e5 
Ne4 9.Nf5 O-O 10.Bd5 Nc5 11.Be3 c6 12.Bf3 d5 13.Nxe7+ Qxe7 14.Qd2 f6 15.
exf6 Rxf6 16.O-O Nh4 17.Nc3 Nf5 18.Rae1 Nxe3 19.Rxe3 Qf8 20.Rfe1 Bd7 21.g3
Rd8 22.b4 Ne6 23.Ne2 g5 24.Bg4 a5 25.a3 axb4 26.axb4 Bc8 27.Bxe6+ Bxe6 28.
Re5 gxf4 29.Nxf4 Bf5 30.Qd4 Qh6 31.Re7 Rdf8 32.Rxb7 Be4 33.Qe5 Bxc2 34.Ne6
Be4 35.Nf4 Ra8 36.Rb8+ Rxb8 37.Qxb8+ Rf8 38.Qe5 Ra8 39.Ra1 Rxa1+ 40.Qxa1 
Qf8 41.Qd4 Kf7 42.h4 Qa8 43.Nh5 Ke6 44.Qf6+ Kd7 45.Qf7+ Kd6 46.Qf4+ Ke6 
47.Ng7+ Ke7 48.Qc7+ Kf6 49.Nh5+ Ke6 50.Nf4+ Kf5 51.Qxh7+ Kg4 52.Qg7+ Kf3 
53.Ng2 Qa3 54.Qg5 Qxb4 55.Qf4+ Ke2 56.Qf1+ Kd2 57.Qe1+ Kc2 58.Qxb4 1-0

[Event "20th Reykjavik op"]
[Site "Reykjavik ISL"]
[Date "2002.03.14"]
[Round "8"]
[White "Gudmundsson, Kjartan"]
[Black "Ingolfsdottir, Harpa"]
[Result "0-1"]
[WhiteElo "2034"]
[BlackElo "2053"]
[EventDate "2002.03.07"]
[PlyCount "60"]

1.e4 e6 2.d3 d5 3.Nd2 Nf6 4.exd5 exd5 5.Ngf3 Bd6 6.Be2 O-O 7.O-O Bg4 8.Re1
Re8 9.Nf1 Nbd7 10.Bg5 c6 11.Ne3 Qb6 12.Qd2 h6 13.Nxg4 Nxg4 14.Bh4 Qc7 15.
Bg3 Bxg3 16.hxg3 Ndf6 17.Nh4 Ne5 18.Qf4 Qa5 19.Nf5 Ng6 20.Qf3 Kh7 21.d4 
Re6 22.c3 Rae8 23.g4 Ne4 24.g3 Ng5 25.Qd3 Kg8 26.Kg2 Qd8 27.Ne3 Ne4 28.Nc2
Qf6 29.f3 Nxg3 30.Qd2 Nxe2 0-1

[Event "20th Reykjavik op"]
[Site "Reykjavik ISL"]
[Date "2002.03.14"]
[Round "8"]
[White "Gunnarsson, Jon Viktor"]
[Black "Hagesaether, Ellen"]
[Result "1-0"]
[WhiteElo "2402"]
[BlackElo "2102"]
[EventDate "2002.03.07"]
[PlyCount "105"]

1.e4 g6 2.d4 Bg7 3.Nc3 d6 4.f4 Nf6 5.Nf3 O-O 6.Bd3 Nc6 7.e5 dxe5 8.dxe5 
Nd5 9.Nxd5 Qxd5 10.Qe2 Bg4 11.Be4 Qa5+ 12.Bd2 Qb6 13.Bc3 Rad8 14.Qf2 Qxf2+
15.Kxf2 f6 16.Bxc6 bxc6 17.Rhe1 Bxf3 18.Kxf3 fxe5 19.Bxe5 Bxe5 20.Rxe5 Rd2
21.Rc1 Rf7 22.h4 Kf8 23.g3 Rf6 24.b3 Rfd6 25.a4 R6d5 26.Re4 c5 27.Rc4 Rh2 
28.Re1 Rdd2 29.c3 Rdf2+ 30.Ke4 Rb2 31.Rxc5 Rxb3 32.Rxc7 Ra2 33.Kd3 Rg2 34.
Re3 Rb8 35.Rxa7 Rd8+ 36.Ke4 Rf2 37.Rc7 Rd6 38.Rc4 Ra6 39.Kd3 Ra7 40.Rb4 
Ra2 41.Kc4 R2xa4 42.Rxa4 Rxa4+ 43.Kb5 Ra3 44.Kb4 Ra1 45.c4 Rd1 46.Kc5 Ke8 
47.Re5 Rd3 48.Rg5 Re3 49.Kc6 Kd8 50.c5 Rb3 51.f5 Ra3 52.fxg6 hxg6 53.h5 
1-0

[Event "20th Reykjavik op"]
[Site "Reykjavik ISL"]
[Date "2002.03.14"]
[Round "8"]
[White "Halldorsson, Bragi"]
[Black "Bjornsson, Sigurbjorn"]
[Result "0-1"]
[WhiteElo "2236"]
[BlackElo "2312"]
[EventDate "2002.03.07"]
[PlyCount "78"]

1.d4 Nf6 2.c4 g6 3.Nc3 Bg7 4.e4 d6 5.Be2 O-O 6.Nf3 e5 7.O-O Nc6 8.d5 Ne7 
9.b4 a5 10.Ba3 Nd7 11.bxa5 Rxa5 12.Bb4 Ra8 13.Nd2 f5 14.Re1 Kh8 15.Bf3 Ng8
16.a4 Rf7 17.Nb3 Bf8 18.a5 Ngf6 19.Na4 fxe4 20.Bxe4 Nxe4 21.Rxe4 Nf6 22.
Re2 Nh5 23.c5 Qg5 24.Bd2 Nf4 25.Bxf4 Rxf4 26.Re3 Bg4 27.Qe1 Bf3 28.Rxf3 
Rxf3 29.Nd2 Rf4 30.cxd6 Bxd6 31.Nb2 e4 32.Ndc4 Bc5 33.Ne3 Qf6 34.Nbc4 Rxf2
35.Rd1 Rf8 36.h3 b5 37.axb6 cxb6 38.Kh1 b5 39.Nd2 Qd4 0-1